00704 2200205 4500001002100000005001500021035002500036007000300061008004100064040001700105082001200122084001200134245013100146260009800277300003100375650004600406850001200452090001600464990001800480INLIS00000000002611420200318091917 a0010-031700000000224ta170309s1996 yoib gr ind d aYOPDYOGbind04223a711 a711 REN1 aRencana induk wilayah Kabupaten Daerah Tingkat II Sleman di sekitar kota Yogyakarta :bpeta rencana jaringan transportasi-199631aYogyakarta :bResearch Center Bag. Teknik Arsitektur Fakultas Teknik-Univ. Gadjah Mada,c1996 a16 lembar :bpeta ;c30 cm 4aPengangkutan jalan raya--vPetazSleman-- aYOPDYOG aYOG 711 REN a26041-PD/A.07